000 00798cam a22002413a 4500
001 1075
003 PGUSA
005 20140828082956.0
008 971001s1997||||xxu|||||s|||||000 1 eng d
040 _aPGUSA
_beng
042 _adc
050 4 _aPS
100 1 _aLondon, Jack,
_d1876-1916
245 1 4 _aThe Strength of the Strong
_h[electronic resource] /
_cJack London
260 _bProject Gutenberg,
_c1997
505 0 _aThe strength of the strong -- South of the slot -- The unparalleled invasion -- The enemy of all the world -- The dream of Debs -- The sea-farmer -- Samuel.
506 _aPublic domain in the USA.
516 _aElectronic text
653 _aSocialism -- Fiction
830 0 _aProject Gutenberg
_v1075
856 4 0 _uhttp://www.gutenberg.org/ebooks/1075
942 _cEB
999 _c230423
_d230423